[Event "87th Tata Steel Challengers 2025"]
[Site "Wijk aan Zee"]
[Date "2025.01.29"]
[Round "10.6"]
[White "Deshmukh, Divya"]
[Black "Svane, Frederik"]
[Result "0-1"]
[WhiteElo "2490"]
[BlackElo "2664"]
[Annotator "Stockfish 17 - Chessbase"]
[PlyCount "136"]
[EventDate "2025.??.??"]

{[%evp 0,136,27,23,23,-9,66,22,33,-14,8,-4,2,-15,19,-5,2,-23,-23,-22,-22,-24,-17,-24,-24,-26,-26,-26,-17,-5,-2,-7,-3,-9,1,5,1,1,-8,-8,-7,-8,14,0,-3,8,21,12,13,18,24,12,14,18,21,23,21,0,0,0,4,-4,-12,-11,-14,-18,-2,-16,0,-9,10,-1,-11,-26,-29,-29,-30,-29,-33,-49,-52,-83,-83,-124,-117,-132,-156,-161,-158,-158,-166,-178,-154,-172,-160,-157,-158,-172,-181,-183,-157,-227,-227,-222,-206,-315,-316,-315,-338,-337,-337,-334,-251,-337,-327,-324,-324,-324,-327,-333,-337,-335,-337,-335,-333,-335,-333,-335,-230,-238,-257,-257,-269,-264,-276,-394,-454,-462,-486]} 1. d4 Nf6 2. c4 g6 3. g3 c5 4. dxc5 (4. Nf3 Bg7 5. Bg2 O-O 6. Nc3 cxd4 7. Nxd4 Qc7 8. Nd5 Nxd5 9. cxd5 Qb6 10. Nb3 d6 11. O-O Bd7 12. Be3 Qa6 13. Bd4 Qa4 14. Bxg7 Kxg7 15. Qd4+ Qxd4 16. Nxd4 Na6 17. Rfc1 Rac8 18. f4 Nc5) 4... Bg7 5. Bg2 Qa5+ 6. Nc3 Qxc5 7. Qa4 Ng4 (7... O-O 8. Nh3 Nc6 9. Be3 Qb4 10. Qxb4 Nxb4 11. O-O-O d6 12. a3 Nc6 13. Bd2 Na5 14. Nd5 Nb3+ 15. Kc2 Nxd5 16. Kxb3 Nb6 17. Be3 Nd7 18. Nf4 Nf6 19. h3 h5 20. Bd2 Rb8 21. Bc3 Nd7 22. Nd5 {Voit,D (2356)-Druzhinina,O (2245) Sochi RUS 2024 1-0 (38)}) 8. Ne4 $6 $146 {Inaccuracy. Nh3 was best.} (8. Nh3 Bxc3+ (8... Ne5 9. Bf4 Nxc4 10. Rc1 O-O 11. Nd5 b5 12. b4 Qxd5 13. Bxd5 bxa4 14. Rxc4 Nc6 15. b5 Na5 16. Re4 Bb7 17. Bxb7 Nxb7 18. Rxe7 Rfc8 19. O-O Nc5 20. Rd1 h6 21. Re3 g5 22. Be5 Re8 {Mamedyarov,S (2765)-Grischuk,A (2810) Beijing 2014 ½-½ (72)}) (8... Nc6 9. O-O (9. Bd2 O-O 10. O-O d6 11. Rac1 Qd4 12. Rfd1 Be6 13. b3 Qb6 14. Qb5 Rfc8 15. Qxb6 axb6 16. Nf4 Bf5 17. Nfd5 Bd4 18. Be1 Bc5 19. b4 Bxb4 20. Nxb4 Nxb4 21. Bxb7 Rcb8 22. Bxa8 Rxa8 23. Rd2 Ne5) 9... Bxc3 10. bxc3 Nge5 11. Bd5 d6 12. Nf4 Bd7 13. Ba3 (13. Nd3) 13... Na5 14. Bxc5 Bxa4 15. Bd4 O-O 16. Bxe5 dxe5 17. Nd3 e6 18. Bg2 Bc6 (18... f6) 19. Nxe5 Bxg2 20. Kxg2 Rac8 21. c5 Rfd8 22. Rfd1 Rxd1 {Godart,F (2419)-Rambaldi,F (2558) Brest 2019 CBM 190 Extra [ChessBase II] ½-½}) (8... O-O 9. O-O Nc6 10. Nf4 d6 11. Ncd5 Nge5 12. b3 Nxc4 13. bxc4 Bxa1 14. Be3 Bd4 15. Nd3 Bxe3 16. Nxc5 Bxc5 17. Rb1 Rb8 18. Nf6+ exf6 19. Bxc6 Kg7 20. e3 Bf5 21. Rxb7 Rxb7 22. Bxb7 Rb8 {Keymer,V (2675)-Xiong,J (2688) Chess.com INT 2022 1-0 (33)}) 9. bxc3 Nc6 10. Ba3 (10. O-O Nge5 11. Nf4 d6 12. Rb1 Qxc4) 10... Qa5 11. Qxa5 Nxa5 12. c5 Rb8 13. Rb1 b6 14. cxb6 Rxb6 15. O-O d6 16. Rxb6 axb6 17. Nf4 Nc4 18. Bb4 Nf6 19. Nd5 Nxd5 20. Bxd5 Be6 21. Bxc4 Bxc4 22. Ra1 Kd7 {Yakubboev,N (2482)-Jones,G (2675) Sharjah 2018 ½-½ (72)}) 8... Qc6 9. Qxc6 dxc6 10. Nf3 Na6 11. Rb1 Bf5 12. Nh4 Bxe4 13. Bxe4 O-O-O 14. O-O Nc5 15. Bc2 Ne6 16. Nf3 Ne5 17. Nxe5 Bxe5 18. Be3 Bd4 19. Bc1 h5 20. h4 Rd7 21. b4 Rhd8 22. Kg2 Kb8 23. c5 Nc7 24. Bf4 Kc8 25. Bb3 e6 26. Bc4 Bf6 27. Rfc1 Nd5 28. Bxd5 Rxd5 29. a4 Be5 30. Bxe5 Rxe5 31. Rb2 Red5 32. Rcc2 Kc7 33. Kf3 Rd1 34. b5 R8d7 35. b6+ Kb8 36. a5 a6 37. Ra2 $6 {Inaccuracy. g4 was best.} (37. g4) 37... Kc8 38. e3 Kd8 39. Ra4 Ke7 40. g4 hxg4+ 41. Kxg4 R7d2 42. Raa2 Rg1+ 43. Kf4 Rxc2 44. Rxc2 Ra1 45. f3 Rxa5 46. e4 Rb5 47. Ke5 $6 {Inaccuracy. Kg5 was best.} (47. Kg5) 47... Rb4 48. Rc1 $6 {Inaccuracy. Kf4 was best.} (48. Kf4 Kf6 49. Kg4 a5 50. Rd2 Ke7 51. Rc2 a4 52. Kg5 e5 53. Rc3 Rb5) 48... a5 49. Kf4 a4 50. Kg5 a3 51. Ra1 Ra4 52. e5 $6 {Inaccuracy. Ra2 was best.} (52. Ra2 e5 53. Kg4 Kf6 54. Kg3 Ra5 55. Kg4 Rxc5 56. Rxa3 Rb5 57. Rd3 Ke7) 52... a2 53. f4 Kf8 54. h5 gxh5 55. Kxh5 Kg7 56. Rg1+ Kf8 57. Ra1 Ke7 58. Kg5 Ra3 59. Kh5 f6 60. Kg6 Rg3+ 61. Kh5 Ra3 62. Kg6 Rg3+ 63. Kh5 Rg2 64. Kh4 Kf7 65. Kh3 Rb2 66. Kg4 Kg6 67. f5+ $6 {Inaccuracy. exf6 was best.} (67. exf6 Kxf6 68. Kf3 Kf5 69. Ke3 e5 70. fxe5 Kxe5 71. Kd3 Kd5 72. Kc3 Rb1) 67... exf5+ 68. Kf4 Rb4+ {0-1 Black wins. Precisão Stockfish 17: Brancas 94% Pretas 98% Precisão Chess.com: Brancas 91.0% Pretas 94.5%} 0-1

[Event "87th Tata Steel Challengers 2025"]
[Site "Wijk aan Zee"]
[Date "2025.01.29"]
[Round "10.7"]
[White "Pijpers, Arthur"]
[Black "Bulmaga, Irina"]
[Result "1-0"]
[WhiteElo "2474"]
[BlackElo "2386"]
[Annotator "Stockfish 17 - Chessbase"]
[PlyCount "77"]
[EventDate "2025.??.??"]

{[%evp 9,77,10,24,14,17,17,23,-2,5,7,27,34,33,31,44,16,44,23,29,1,33,38,68,72,110,110,112,82,112,109,131,129,181,191,165,170,146,151,149,145,200,180,351,354,360,331,742,745,746,725,765,754,754,750,768,754,876,745,782,742,827,767,778,777,778,778,760,765,906,857]} 1. e4 e5 2. Nf3 Nc6 3. Bb5 Nf6 4. d3 Bc5 5. Nbd2 O-O 6. Bxc6 {C65: Ruy Lopez: Berlin Defence (3...Nf6), unusual lines and 4 0-0 Bc5.} dxc6 7. Nc4 Nd7 8. Ne3 {White has an edge.} (8. Ncxe5 Nxe5 9. Nxe5 Qd4 $19) 8... Re8 9. g4 Bxe3 $146 (9... Nf8 10. Rg1 Ng6 11. Nf5 f6 12. h4 Nf4 13. Bxf4 exf4 14. Qd2 g6 15. Nh6+ Kg7 16. Qxf4 Bb4+ 17. Kf1 Bd6 18. Qe3 c5 19. h5 g5 20. Nf5+ Bxf5 21. gxf5 Qe7 22. Nd2 Kh8 23. Nc4 Bf4 24. Qf3 {Iljiushenok,I (2540)-Afanasiev,N (2583) Obninsk 2022 ½-½ (61)}) 10. Bxe3 Nf8 11. Rg1 b6 $146 (11... Qd6 12. Qd2 a5 13. Nh4 Ne6 14. Nf5 Qb4 15. c3 Qb5 16. O-O-O c5 17. f4 exf4 18. Bxf4 {½-½ Narayanan,S (2611)-Anton Guijarro,D (2674) FIDE World Cup 2019 (1.3)}) 12. Qd2 a5 {[%cal Ba7a5,Ba5a4][%mdl 32]} 13. O-O-O c5 14. g5 Qd6 15. Qc3 a4 {[%cal Ba4a3]} 16. h4 {[%cal Bh2h4,Bh4h5,Bh5h6][%mdl 32] Black is now going downhill.} Bb7 $6 {Inaccuracy. Nd7 was best.} (16... Nd7) 17. h5 Qe6 18. h6 g6 $6 {Inaccuracy. c4 was best.} (18... c4 19. d4 Bxe4 20. Nxe5 Qd5 21. hxg7 Nd7 22. Ng4 a3 23. bxa3 Bf3 24. Nh6+) 19. Kb1 Nd7 20. Nh2 Qc6 (20... Qd6 $16 21. f4 b5) 21. Ng4 $18 b5 {[%cal Bb6b5,Bb5b4][%mdl 32]} 22. f4 b4 23. Qd2 {White has more active pieces.} exf4 24. Bxf4 Qb6 (24... f6 $16 25. Rdf1 (25. gxf6 Kf7 $18) 25... fxg5) 25. Be3 Qe6 $6 {Inaccuracy. Re6 was best. [#]} (25... Re7 26. Rgf1 Qc6) (25... Re6 26. Qf2 b3 27. Rgf1 Rf8 28. Ka1 Ba6 29. c4 bxa2 30. Rc1 Qd6 31. Qc2) 26. Bxc5 $1 {[%mdl 512]} Nxc5 27. Qxb4 Qb6 $2 {Mistake. Nd7 was best.} (27... Nd7 28. Qxb7 a3 29. b3 Qd6 30. d4 Rab8 31. e5 Rxb7 32. exd6 f5 33. gxf6) 28. Nf6+ {[%cal Bg4f6,Bf6e8,Be8c7][%mdl 32] White is clearly winning.} Kh8 29. Qc3 Qa5 30. Qxa5 (30. Nxe8+ Qxc3 31. bxc3 Rxe8) 30... Rxa5 31. Nxe8 Ne6 32. Rdf1 Nxg5 33. Nxc7 {[#] Threatens to win with Rf6.} Kg8 34. c4 Re5 35. Nb5 Bc6 36. Nd6 Re6 37. Rxg5 Rxd6 38. Kc2 f6 39. e5 {Weighted Error Value: White=0.12 (very precise) /Black=0.54 Mistake: 	--- 	Black=4 Inaccurate: 	White=2 	Black=5 OK: 	White=11 	Black=6 Best: 	White=1 	---  Precisão Stockfish 17: Brancas 98% Pretas 92%  Precisão Chess.com: Brancas 95.6% Pretas 87.7%} 1-0